| 000 | 00754nam a22002177a 4500 | ||
|---|---|---|---|
| 999 |
_c9003 _d9003 |
||
| 003 | AR-CdUCM | ||
| 008 | 190327b ||||| |||| 00| 0 spa d | ||
| 040 |
_aMUNICIPALIDAD PROVINCIAL DEL CUSCO _cBIBLIOTECA MUNICIPAL DEL CUSCO |
||
| 082 |
_a985.07 / _bV66 |
||
| 100 |
_aVillanueva, Víctor _96878 |
||
| 245 | _aAsí cayó Leguía / | ||
| 260 |
_aLima : _bRetama Editorial, _c1977. |
||
| 300 |
_a155 páginas ; _c17 cm. |
||
| 440 |
_aHistoria política. _n2 _924931 |
||
| 505 | _aRevolución en Arequipa -- Sánchez Cerro es un macho -- Libertad de prensa -- Cayó el tirano -- La lucha por el poder -- Disciplina por favor ... | ||
| 650 |
_aHistoria _9136 |
||
| 650 |
_aRevolución _9844 |
||
| 650 |
_aPerú _935 |
||
| 942 |
_2ddc _cLIBROS |
||
| 945 | _aacv | ||